|
|
|
|
| LEADER |
00000nab a2200000 4500 |
| 001 |
vtls011969776 |
| 003 |
SK-MaSNL |
| 005 |
20260318114743.0 |
| 008 |
200527c2018 xo er|n || ||00 c0ukr |
| 015 |
|
|
|a SNBRB2020/05
|
| 038 |
|
|
|a SVKPOCL
|
| 040 |
|
|
|a SVKPOCL
|b slo
|c SVKPOCL
|e rda
|
| 041 |
0 |
|
|a ukr
|
| 043 |
|
|
|a e-xo---
|
| 044 |
|
|
|a xo
|c SK
|
| 072 |
|
7 |
|a 930.85
|x Dejiny civilizácie. Kultúrne dejiny
|2 konspekt
|
| 072 |
|
7 |
|a 27-9
|x Dejiny kresťanskej cirkvi
|2 konspekt
|
| 072 |
|
7 |
|a 821.161.09
|x Východoslovanské literatúry (o nich)
|2 konspekt
|
| 080 |
|
|
|a 821.161.25(437.6)-051
|2 2011
|
| 080 |
|
|
|a (437.6)
|2 2011
|
| 080 |
|
|
|a 929 Dancák, František
|2 2011
|
| 080 |
|
|
|a 272/273(091)
|2 2011
|
| 080 |
|
|
|a 27-9"18/19"
|2 2011
|
| 080 |
|
|
|a (439)
|2 2011
|
| 080 |
|
|
|a (=161.25)
|2 2011
|
| 080 |
|
|
|a (734.711)
|2 2011
|
| 080 |
|
|
|a 808.1
|2 2011
|
| 080 |
|
|
|a 821.161.2(437.6)-1-051:808.1
|2 2011
|
| 080 |
|
|
|a 82(091)"18/19"
|2 2011
|
| 080 |
|
|
|a 070.42
|2 2011
|
| 080 |
|
|
|a 378.093.2-051
|2 2011
|
| 100 |
1 |
|
|a Medviď, Peter,
|d 1981-
|4 aut
|9 268505
|
| 245 |
1 |
0 |
|a Dobylo serce Františka Dancaka. Kubekologa, pryjateľa Rusyniv
|c Petro Medviď
|
| 300 |
|
|
|b Fotografie
|
| 336 |
|
|
|a text
|b txt
|2 rdacontent
|
| 337 |
|
|
|a bez média
|b n
|2 rdamedia
|
| 338 |
|
|
|a zväzok
|b nc
|2 rdacarrier
|
| 600 |
1 |
7 |
|a Kubek, Emil,
|d 1857-1940
|2 SNKMA
|9 114206
|
| 600 |
1 |
7 |
|a Dancák, František,
|d 1939-2018
|2 svkpocl
|9 99141
|
| 610 |
2 |
7 |
|a Gréckokatolícka cirkev
|2 SNKKA
|9 32576
|
| 648 |
|
7 |
|a 28.2.1939-18.11.2018
|2 svkpocl
|9 1598990
|
| 650 |
0 |
7 |
|a literárna tvorba
|2 SNKPH
|9 4226
|
| 650 |
0 |
7 |
|a rusínski spisovatelia
|2 svkpocl
|9 490645
|
| 650 |
0 |
7 |
|a osobnosti
|2 SNKPH
|9 29820
|
| 650 |
0 |
7 |
|a vysokoškolskí učitelia
|2 SNKPH
|9 66590
|
| 650 |
0 |
7 |
|a rodáci
|2 SNKPH
|9 30842
|
| 650 |
0 |
7 |
|a nekrológy
|2 SNKPH
|9 28957
|
| 650 |
0 |
7 |
|a gréckokatolícki kňazi
|2 SNKPH
|9 68059
|
| 650 |
0 |
7 |
|a literárna história
|2 SNKPH
|9 1136
|
| 650 |
0 |
7 |
|a publicisti
|2 SNKPH
|9 63929
|
| 650 |
0 |
7 |
|a rusinistika
|2 SNKPH
|9 90871
|
| 650 |
0 |
7 |
|a slavistika
|2 SNKPH
|9 4282
|
| 651 |
|
7 |
|a Slovensko
|2 SNKPHgeo
|9 14231
|
| 651 |
|
7 |
|a Prešov (Slovensko)
|2 SNKPHgeo
|9 17347
|
| 651 |
|
7 |
|a Varhaňovce (Slovensko)
|2 SNKPHgeo
|9 41429
|
| 773 |
0 |
|
|t NN info Rusyn
|g Roč. XV (27), č. 22 (2018), s. [1], 2
|x 2454-0013
|
| 852 |
|
|
|a SVKPO
|b KIS3GCP
|
| 856 |
4 |
2 |
|y Elektronický archív Info Rusyna je dostupný na: http://www.rusyn.sk
|
| 958 |
|
|
|a RN
|
| 958 |
|
|
|a SK
|
| 958 |
|
|
|a SS
|
| 958 |
|
|
|a LX
|
| 958 |
|
|
|a BX
|
| 958 |
|
|
|a NM
|
| 958 |
|
|
|a NT
|
| 999 |
|
|
|c 3288421
|d 3290351
|